Poder local. El caso de San Lucas Tolimán departamento de sololá /

Guardat en:
Dades bibliogràfiques
Autor principal: Phéfunchal Arriaza, Aracelly
Format: Text
Etiquetes: Afegir etiqueta
Sense etiquetes, Sigues el primer a etiquetar aquest registre!

MARC

LEADER 00000 a a2200000 04500
001 45377
003
040
090 |a REV0780 (7)1979  
100 |a Phéfunchal Arriaza, Aracelly  
245 |a Poder local. El caso de San Lucas Tolimán departamento de sololá /  |c Aracelly Phéfunchal Arriaza  
773 |g número7, II Epoca, (enero - junio, 1979), páginas 87-102  
999 |c 20373  |d 20373